Word Ladder: Cosmetic Supplier Quiz Stats

 Plays Quiz Updated Dec 31, 2018

Support Sporcle.
Go Orange.
Score 0/18 Timer 02:00
0 Plays Today
Hint 4-Letter Word % Correct
MiddayNOON
97.1%
1,760 yardsMILE
95.5%
Greater thanMORE
95%
Tunneling mammalMOLE
94.7%
Center of the EarthCORE
93.9%
Golfer's shoutFORE
91.9%
Gas for flamboyant signsNEON
91%
Organize into a cabinetFILE
87.6%
Burn, sear, charFIRE
86.3%
Hint 4-Letter Word % Correct
Poet's daybreakMORN
83.5%
System of symbols and lettersCODE
82.5%
Last name of Buffalo BillCODY
80.1%
High-class womanLADY
73.7%
'Mean Girls' main characterCADY
71.6%
A timely benefit of blessingBOON
66.4%
Physicist MaxBORN
64.6%
Charlize Theron's FluxAEON
59%
Large cosmetics manufacturerAVON
56.5%

Today's Daily Dose

From the Vault

Continents by Amount of Ice

by nba2439

Geography 60s
If all this ice melted, sea level would rise over 200 feet.
Remove Ads.
Support Sporcle.
Get the best of Sporcle when you Go Orange. This ad-free experience offers more features, more stats, and more fun while also helping to support Sporcle. Thank you for becoming a member.

Show Comments

Extras

Top Quizzes Today


Score Distribution

Your Account Isn't Verified!

In order to create a playlist on Sporcle, you need to verify the email address you used during registration. Go to your Sporcle Settings to finish the process.

Report this User

Report this user for behavior that violates our Community Guidelines.

Details: